000 00473nam a2200181 i 4500
001 bg
100 1 _aGLOGGENGIESSER,
245 0 _aVektoren, Matrizen, Determinanten, Programmiert /
_cGloggengiesser, Kröplin, Lhotzky.
260 _aMünchen :
_bModerne Verl.,
_c[1974].
300 _as. 168 :
_brys.
700 1 _aKRÖPLIN,
700 1 _aLHOTZKY,
040 _cBPK
041 _apol
080 _a512.64
942 _cKS
008 s pl f |000 0 pol
999 _c15908
_d15908
856 _uhttp://koha.tu.koszalin.pl/cgi-bin/koha/opac-detail.pl?biblionumber=15908
_yKatalog online BPK